Vizuálna forma virtuálnych influencerov a jej vplyv na ich vnímanú dôveryhodnosť: Komparatívna analýza troch typov zobrazenia

Salvato in:
Dettagli Bibliografici
Autore principale: Burzová, Simona, 1999-
Altri autori: Balaščáková, Simona, 1999-, Ucak, Özgür, 1976-
Natura: Capitolo di libro
Lingua:slovacco
Tags: Aggiungi Tag
Nessun Tag, puoi essere il primo ad aggiungerne!!

MARC

LEADER 00000naa$a2200000$$$4500
001 0314429
005 20260123100825.6
041 0 |a slo 
044 |a SK 
245 1 0 |a Vizuálna forma virtuálnych influencerov a jej vplyv na ich vnímanú dôveryhodnosť: Komparatívna analýza troch typov zobrazenia  |c Simona Burzová, Simona Balaščáková, Özgür Ucak 
100 1 |a Burzová, Simona, 1999- 
700 1 |a Balaščáková, Simona, 1999- 
700 1 |a Ucak, Özgür, 1976-